000 00663nam a2200241Ia 4500
003 OSt
005 20220926011329.0
006 a|||||r|||| 00| 0
007 ta
008 220923b |||||||| |||| 00| 0 eng d
037 _cGeneral Book
040 _aRTL
_cRTL
_beng
041 _2eng
_aeng
082 _aX:533.5,h, K5
100 _aBarzanti Sergio
245 0 _aUnderdeveloped areas within the common market
260 _aNew Jersey
_bPrinceton University Press
_c1965
300 _a437p
_ccm.
650 _a Free Trade
650 _aEconomics
942 _hX:533.5,h, K5
_cGB
_2CC
999 _c619715
_d619715